00681nam a2200145 i 450000100060000000300090000600700030001500800410001810000340005924502990009326000470039230000150043970000210045485200600047531106ES-MaACLt|030128s1860 fr ||||1| fre d1 aBazin, Antoine-Pierre Ernest.10aLeçons théoriques et cliniques suer les affections cutanées de nature arthritiqueret et dartrense considerées en elles-mêmes et dans leurs rapports avec les eruptions scrofulenses parasitaires et shyphilitiques / cprofessées par Barin ; redigées et publiées par Lucien Sergent. aParís : b[s.n., c1860] (fE. Martinet) aIV, 384 p.1 aSergent, Lucien. aES-MaACLjG-14081(2) q. - Encuadernado con otras obras